书目信息 |
| 题名: |
孤独的狂欢:数字时代的交往
|
|
| 作者: | 吴伯凡 著 | |
| 分册: | ||
| 出版信息: | 北京 中国人民大学出版社 1998.01 |
|
| 页数: | 361页 | |
| 开本: | 32开 | |
| 丛书名: | ||
| 单 册: | ||
| 中图分类: | TP393-49 | |
| 科图分类: | ||
| 主题词: | 计算机应用 | |
| 电子资源: | ||
| ISBN: | 7-300-02532-3 | |
| 000 | 00582nam0 2200193 45 | |
| 001 | 0012040951 | |
| 005 | 20001204091647.5 | |
| 010 | @a7-300-02532-3@d16.40元 | |
| 100 | @a20001204d1998 km y0chiy0120 ea | |
| 101 | 0 | @achi |
| 105 | @a z 000yy | |
| 200 | 1 | @a孤独的狂欢:数字时代的交往@AGu Du De Kuang Huan:Shu Zi Shi Dai De Jiao Wang@f吴伯凡著@FWu Bo Fan Zhu |
| 210 | @a北京@c中国人民大学出版社@d1998.01 | |
| 215 | @a361页@d32开 | |
| 606 | 0 | @a计算机应用 |
| 690 | @aTP393-49@v3 | |
| 701 | 0 | @a吴伯凡@4著 |
| 801 | @aCN@bPftUser@c20001204 | |
| 905 | @b512517-520@dTP393-49@eW235@f4 | |
| 孤独的狂欢:数字时代的交往/吴伯凡著.-北京:中国人民大学出版社,1998.01 |
| 361页;32开 |
| ISBN 7-300-02532-3:16.40元 |
| ● |
| 相关链接 |
|
|
|
正题名:孤独的狂欢:数字时代的交往
索取号:TP393-49/W235
 
预约/预借
| 序号 | 登录号 | 条形码 | 馆藏地/架位号 | 状态 | 备注 |
| 1 | 512517 | 205125176 | 期刊室512/301自科库 119排2列4层/ [索取号:TP393-49/W235] | 在馆 | |
| 2 | 512518 | 205125185 | 自科二线404/404自科库 17排6列3层/ [索取号:TP393-49/W235] | 在馆 | |
| 3 | 512519 | 205125194 | 期刊室512/301自科库 119排2列4层/ [索取号:TP393-49/W235] | 在馆 | |
| 4 | 512520 | 205125201 | 自科二线504/ [索取号:TP393-49/W235] | 在馆 |